000 00829nam a2200241 a 4500
005 20220921063531.0
008 140526s2005 es r 000 0 spa d
020 _a843483586X
035 _aUPN01000197535
049 _aI
050 4 _aTL793
_bB3.2
100 1 _aBailey, Gerry,
_d1945-
_937358
245 1 3 _aLa conquista del espacio :
_bconviértete en el protagonista de los inventos y descubrimientos espaciales más destacados /
_cGerry Bailey ; tr. Pilar Tutor.
260 _aMadrid :
_bSM,
_c2005.
300 _a46 p. :
_bil. col.
440 0 _aInven vivos ;
_v8.
_pA partir de 8 años
534 _pTítulo original:
_tOuter Space
650 4 _aASTRONAUTICA
_98472
650 4 _aINVENTOS -
_vLITERATURA INFANTIL
_911235
650 7 _aEspacio exterior
_xExploración
_2
_98480
905 _aInfantil
999 _c169636
_d169636